Ref - Les bijoux de la couronne - Statistiques

Statistiques générales
  • Ce quiz a été pris 86 fois
  • Le résultat moyen est 21 sur 47
Statistiques - réponses
Réponse % Correct
BIJOUX
100%
COURONNE
100%
DE
100%
de
100%
de
100%
de
100%
LA
100%
LES
100%
les
100%
les
100%
RENDEZ
94%
à
69%
à
69%
Vous
66%
Vous
66%
vous
66%
Bande
55%
bande
55%
voleurs,
43%
Je
42%
avez
40%
avez
40%
intérêt
36%
intérêt
36%
rendre,
34%
rendre,
34%
ça
22%
un
22%
va
22%
crapules.
21%
loosers,
19%
On
18%
moi.
12%
imaginé
12%
Jamais
12%
j'aurai
12%
moi.
12%
cauchemar
10%
faire
10%
vis
10%
croyez
9%
croyez
9%
d'escrocs.
7%
puisse
7%
qu'on
7%
chercher,
4%
venir
4%
Aucun quiz correspondant
Distribution des résultats
% des personnes avec chaque résultat
Percentile par nombre de réponses
Votre historique - résultats
Vous n’avez pas pris ce quiz